|
|
|
|
| LEADER |
00000nam0a2200000 4500 |
| 001 |
372031 |
| 005 |
20231102012434.0 |
| 035 |
|
|
|a (RuTPU)RU\TPU\retro\29445
|
| 035 |
|
|
|a RU\TPU\book\20082
|
| 090 |
|
|
|a 372031
|
| 100 |
|
|
|a 20011209d1986 k y0rusy50 ca
|
| 101 |
0 |
|
|a rus
|
| 102 |
|
|
|a RU
|
| 105 |
|
|
|a y z 001zb
|
| 200 |
1 |
|
|a Теория научного знания Иммануила Канта. Опыт современного прочтения "Критики чистого разума"
|f Н. К. Вахтомин
|g Академия наук СССР (АН СССР), Институт философии (ИФ) ; под ред. М. Ф. Овсянникова
|
| 210 |
|
|
|a Москва
|c Наука
|d 1986
|
| 215 |
|
|
|a 206 с.
|
| 320 |
|
|
|a Библиогр.: с. 148-206
|
| 600 |
|
1 |
|a Кант
|g Иммануил
|b И.
|c родоначальник немецкой классической философии
|f 1724 - 1804
|2 stltpui
|3 (RuTPU)RU\TPU\pers\208
|
| 606 |
1 |
|
|a Классическая немецкая философия
|2 stltpush
|3 (RuTPU)RU\TPU\subj\14477
|9 40858
|
| 610 |
1 |
|
|a научное знание
|
| 610 |
1 |
|
|a 18 век
|
| 610 |
1 |
|
|a 19 век
|
| 610 |
1 |
|
|a познание
|
| 610 |
1 |
|
|a теория
|
| 686 |
|
|
|a Ю3(4Г)5-563
|v LBC/SL-A
|2 rubbk
|
| 700 |
|
1 |
|a Вахтомин
|b Н. К.
|g Николай Кононович
|
| 702 |
|
1 |
|a Овсянников
|b М. Ф.
|4 340
|
| 712 |
0 |
2 |
|a Академия наук СССР (АН СССР)
|b Институт философии (ИФ)
|2 stltpush
|3 (RuTPU)RU\TPU\col\11338
|
| 801 |
|
0 |
|a RU
|b 63413507
|c 20011209
|g PSBO
|
| 801 |
|
2 |
|a RU
|b 63413507
|c 20221214
|g PSBO
|
| 942 |
|
|
|c BK
|